| LEADER |
00732nam0a2200193 450 |
| 001 |
16823980 |
| 010 |
|
|
|a 978-2-916196-17-6
|b rel.
|d 14
|
| 100 |
|
|
|a 20080811d2026 u u0frey01 ba
|
| 101 |
0 |
|
|a fre
|
| 102 |
|
|
|a FR
|
| 200 |
0 |
|
|a Plumes de mots
|f texte, Cathy Pépin et Frédéric Cartier-Lange
|g illustration, Frédéric Cartier-Lange
|
| 207 |
|
1 |
|a
|
| 210 |
|
|
|a Comps (Gard)
|c les Ed. du bonhomme vert
|d impr. 2008
|
| 215 |
|
|
|a 1 vol. (non paginé [39] p.)
|c ill. en coul., couv. ill. en coul.
|d 23 cm
|
| 700 |
|
0 |
|a Pépin
|b Cathy
|4 70
|
| 701 |
|
0 |
|a Cartier-Lange
|b Frédéric
|f 1976-....
|4 70
|
| 900 |
|
|
|a Album
|
| 901 |
|
|
|a Accessible au prêt
|
| 995 |
|
|
|a Bibliothèque
|c Bibliothèque
|f 024016864
|h 024016864
|k A2 PEP
|o p
|q j
|r az
|e Bibliothèque
|